000 00355nam a2200133Ia 4500
005 20251222144800.0
008 251222s9999||||xx |||||||||||||| ||spa||
020 _a9972-637-07-6
082 _a709.85/B45
100 _aBernales Ballesteros, Jorge
245 0 _aPintura en el Virreinato del Perú:
264 _bBanco de Crédito del Perú
942 _cLIB
999 _c19692
_d19692